Vainqueurs de le Championnat d'Europe - Mort Subite - Statistiques

Statistiques générales
  • Ce quiz a été pris 496 fois
    76 depuis la dernière actualisation
  • Le résultat moyen est 7 sur 10
Answers on the Grid
Answers color-coded by a green-red scale on the quiz's grid according to % correct below.
Espagne
Allemagne
Italie
France
Union soviétique
Portugal
Pays-Bas
Tchécoslovaquie
Danemark
Grèce
Angleterre
Belgique
Suède
Croatie
Turquie
Roumanie
Suisse
Hongrie
Pologne
Autriche
Écosse
Ukraine
République d'Irlande
Pays de Galles
Bulgarie
Slovénie
Albanie
Islande
Irlande du Nord
Saint-Marin
 
Statistiques - réponses
Réponse % Correct
France
86%
Espagne
83%
Allemagne
77%
Portugal
77%
Italie
72%
Grèce
66%
Pays-Bas
66%
Danemark
56%
Union soviétique
52%
Tchécoslovaquie
42%
Aucun quiz correspondant
Distribution des résultats
% des personnes avec chaque résultat
Percentile par nombre de réponses
Votre historique - résultats
Vous n’avez pas pris ce quiz depuis la dernière actualisation